Normal view
MARC view
- temperature measurement
Entry Topical Term
001 - CONTROL NUMBER
- control field: 47263
003 - CONTROL NUMBER IDENTIFIER
- control field: NUST
005 - DATE AND TIME OF LATEST TRANSACTION
- control field: 20210314133759.0
008 - FIXED-LENGTH DATA ELEMENTS
- fixed length control field: 210314|| aca||aabn | a|a d
040 ## - CATALOGING SOURCE
- Original cataloging agency: NUST
- Transcribing agency: NUST
150 ## - HEADING--TOPICAL TERM
- Topical term or geographic name entry element: temperature measurement
670 ## - SOURCE DATA FOUND
- Source citation: Work cat.: (NUST): ASTM 25089, 1999 Annual book of ASTM standards volume-14.02 : general methods & instrumentation, 1999.
